| 000 | 01148nas a2200313 4500 | ||
|---|---|---|---|
| 001 | BR8200332 | ||
| 003 | BR-BrBNA | ||
| 005 | 20231205084953.0 | ||
| 007 | ta | ||
| 008 | 230509b bl.|||p| |||| 00| 00por d | ||
| 040 |
_aBR-BrBNA _bpor _cBiblioteca Nacional de Agricultura |
||
| 041 | _a(Pt) | ||
| 072 | _aF22; F23 | ||
| 100 | 1 | _aChauvel, A. | |
| 245 | 1 | _aContribuicao para o estudo da evolucao dos latossolos amarelos, distroficos, argilosos na borda do plato, na regiao de Manaus: mecanismos da gibbsitizacao [Amazonas; Brasil] | |
| 246 | 1 | _a[Contribution to the study of the evolution of Clayish, Dystrophic, yellow latosols in the plateau edge, Manaus: Gibbsite mechanisms [Amazonas; Brazil]] | |
| 650 | _aQuimica do solo | ||
| 650 | _aClassificacao do solo | ||
| 650 | _aAnalise quimica | ||
| 650 | _aMineralogia | ||
| 650 | _aLatossolo amarelo | ||
| 650 | _aSolo argiloso | ||
| 650 | _aLatossolo distrofico | ||
| 650 | _aManaus | ||
| 650 | _aAmazonas | ||
| 773 | 0 |
_tActa Amazonica (Brazil) _xISSN 0044-5967 _g(Jun 1981), v. 11(2) p. 227-245 _wBR8200332 |
|
| 909 |
_a202311 _bLúcia _c55 _dLúcia Elande |
||
| 942 |
_2AGRIS _n0 _cANA |
||
| 999 |
_c108452 _d108452 |
||